La parroquia viviente / (Record no. 136565)

MARC details
000 -LEADER
campo de control de longitud fija 00529nam a2200181 4500
001 - NÚMERO DE CONTROL
campo de control 136565
003 - IDENTIFICADOR DE NÚMERO DE CONTROL
campo de control ES-MaACL
007 - CAMPO FIJO DE DESCRIPCIÓN FÍSICA--INFORMACIÓN GENERAL
campo de control de longitud fija t|
008 - DATOS DE LONGITUD FIJA--INFORMACIÓN GENERAL
campo de control de longitud fija 070214s1953 sp r ||||1| spa d
100 1# - ENTRADA PRINCIPAL--NOMBRE DE PERSONA
Nombre de persona Ryckmans, A.
9 (RLIN) 101103
245 13 - MENCIÓN DEL TÍTULO
Título La parroquia viviente /
Mención de responsabilidad, etc. A. Ryckmans.
260 ## - PUBLICACIÓN, DISTRIBUCIÓN, ETC.
Lugar de publicación, distribución, etc. Bilbao :
Nombre del editor, distribuidor, etc. Descleé de Brouwer,
Fecha de publicación, distribución, etc. 1953.
300 ## - DESCRIPCIÓN FÍSICA
Extensión 326 p. ;
Dimensiones 19 cm.
490 1# - MENCIÓN DE SERIE
Mención de serie Biblioteca de estudios pastorales
830 0# - PUNTO DE ACCESO ADICIONAL DE SERIE-TÍTULO UNIFORME
Título uniforme Biblioteca de estudios pastorales
9 (RLIN) 181669
852 ## - LOCALIZACIÓN
Ubicación ES-MaACL
Número de control de estantería C-6919
Sublocalización o colección R.35463
Holdings
Estatus retirado Estado de pérdida Estado de daño No para préstamo Biblioteca de origen Biblioteca actual Ubicación en estantería Fecha de adquisición Fuente de adquisición Total de préstamos Signatura topográfica completa Código de barras Visto por última vez Precio de reemplazo Tipo de ítem Koha
        Biblioteca del Ateneo de Madrid Biblioteca del Ateneo de Madrid Sala Palomar 17/01/2008     C-6919 1142126 23/02/2023 23/02/2023 Libro impreso